Žilina

Zobrazenie: pohľad na bývalé Štefánikovo námestie, v úzadí Kostol Najsvätejšej Trojice a Farské schody, v popredí stromy

Bibliographic Details
Format: Photo
Language:Slovak
PhysicalDescription:1 pohľadnica čiernobiela 9 x 14
Published: Banská Bystrica Luna 1946
Subjects:

MARC

LEADER 00000nkm a2200000 a 4500
001 vtls011626535
003 SK-MaSNL
005 20260301042925.0
007 kf bo
008 231206s1946 xo g 00 kuslo
015 |a SNBG 
040 |a SNK  |b slo  |c SNK  |e AACR2 
041 0 |a slo 
043 |a e-xo--- 
044 |a xo  |c SK 
080 |a 913(437.6)  |2 2011 
080 |a 711.434  |2 2011 
080 |a (084.121)  |2 2011 
245 0 0 |a Žilina  |h grafika 
260 |a Banská Bystrica  |b Luna  |c 1946 
300 |a 1 pohľadnica  |b čiernobiela  |c 9 x 14 
520 8 |a Zobrazenie: pohľad na bývalé Štefánikovo námestie, v úzadí Kostol Najsvätejšej Trojice a Farské schody, v popredí stromy 
651 7 |a Žilina (Slovensko)  |2 SNKPH  |9 28812 
655 7 |a miestne pohľadnice  |2 SNKPH  |9 70510 
958 |a GC 
958 |a GBN 
999 |c 592213  |d 594143 
952 |a SNK  |b SNK  |y PREZ  |7 0  |p 17A1222117  |o snkSP 26224  |0 0  |1 0  |4 0  |d 2017-04-28  |f 1  |l 0  |r 2026-02-23 15:28:19  |w 2026-02-23